Aire colado (Record no. 156157)

MARC details
000 -LEADER
campo de control de longitud fija 00892nam a22002055i 4500
001 - NÚMERO DE CONTROL
campo de control 156157
003 - IDENTIFICADOR DE NÚMERO DE CONTROL
campo de control ES-MaACL
005 - FECHA Y HORA DE LA ÚLTIMA TRANSACCIÓN
campo de control 20251011165008.0
008 - DATOS DE LONGITUD FIJA--INFORMACIÓN GENERAL
campo de control de longitud fija 020417s1887 sp |||| | spa d
040 ## - FUENTE DE CATALOGACIÓN
Centro catalogador/agencia de origen CAM
Lengua de catalogación spa
Centro/agencia transcriptor CAM
100 1# - ENTRADA PRINCIPAL--NOMBRE DE PERSONA
Nombre de persona Jackson Veyán, José.
9 (RLIN) 65824
245 10 - MENCIÓN DEL TÍTULO
Título Aire colado
Resto del título : humorada cómico-lírica en un acto y en verso /
Mención de responsabilidad, etc. libro de José Jackson Veyan; música del maestro Nieto.
260 ## - PUBLICACIÓN, DISTRIBUCIÓN, ETC.
Lugar de publicación, distribución, etc. Madrid :
Nombre del editor, distribuidor, etc. [s.n.],
Fecha de publicación, distribución, etc. 1887 (
Fabricante Establecimiento tipográfico de M.P. Montoya y compañía)
300 ## - DESCRIPCIÓN FÍSICA
Extensión 30 p. ;
Dimensiones 20 cm.
500 #1 - NOTA GENERAL
Nota general Representada en el Teatro de la Princesa el 12 de febrero de 1887.
596 #1 - NOTA AL PIE DE IMPRENTA
NOTA AL PIE DE IMPRENTA En verso de la port. consta: "... Biblioteca Lírico Dramática de Enrique Arregui ..."
700 11 - ENTRADA AGREGADA--NOMBRE PERSONAL
Nombre de persona Nieto, Manuel,
Fechas asociadas al nombre 1844-1915
Término indicativo de función/relación
9 (RLIN) 130485
852 ## - LOCALIZACIÓN
Ubicación ES-MaACL
Número de control de estantería F-4093(9)
Nota libre -- Enc. hol.
condición física -- Falto de la cub. original
Holdings
Estatus retirado Estado de pérdida Estado de daño No para préstamo Colección Biblioteca de origen Biblioteca actual Ubicación en estantería Fecha de adquisición Fuente de adquisición Total de préstamos Signatura topográfica completa Código de barras Visto por última vez Precio de reemplazo Tipo de ítem Koha
        Libros del s. XIX Biblioteca del Ateneo de Madrid Biblioteca del Ateneo de Madrid Depósito 2 17/01/2008     F-4093(9) 1163369 23/02/2023 23/02/2023 Libro impreso antiguo